| 000 | 00506nam a22001937a 4500 | ||
|---|---|---|---|
| 999 |
_c3066 _d3066 |
||
| 003 | OSt | ||
| 005 | 20181023180301.0 | ||
| 008 | 181023b ||||| |||| 00| 0 eng d | ||
| 040 | _cDLC | ||
| 082 |
_a266 _bG653G |
||
| 100 | _aGoodnight, Sussan I. | ||
| 245 |
_aGive Me The Mountain / _cBy Sussan I. Goodnight. |
||
| 260 |
_aUSA : _bNew Covenant Evangelical Ministries, |
||
| 300 | _a117 p.: | ||
| 490 | _aPieces Of Broken Bread | ||
| 650 |
_aJoy _xSorrow |
||
| 650 |
_aDefeat _xVictory |
||
| 942 |
_2ddc _cBK |
||